Statistiques concernant Culture Générale - Série 614

Cliquez ici pour prendre le quiz!

Statistiques générales

  • Ce quiz a été pris 87 fois
  • Le résultat moyen est 7 sur 10

Statistiques - réponses

QuestionRéponse% Correct
Lorsqu'il s'agit d'une personne qui s'occupe d'enfants dans une colonie de vacances, de quel mot "mono" est-il l'abréviation ?moniteur
94%
En France, à quelle date fête-t-on la Saint-Sylvestre ?31 décembre
92%
Le titre du final chanté, de la neuvième symphonie de Beethoven, est "L'Ode à la...joie
87%
Après la Volga, quel est le deuxième plus long fleuve du continent européen ?Danube
84%
Quel est le pays d'origine de la sonde Hayabusa qui a atterri sur Terre le 13 juin 2010 après 7 ans de voyage ?Japon
81%
Quel auteur britannique a écrit les pièces : "Henri VI" et "Richard III" ?William Shakespeare
73%
Qui est passé de "Dur, dur d'être bébé" à "La Ferme Célébrités 2" ?Jordy
71%
"Petit" ou "Grand", je suis un château construit dans le parc du château de Versailles. Que suis-je ?Le Trianon
66%
En 1986, à quelle chanteuse doit-on le tube "Eve lève-toi" ?Julie Pietri
58%
Dans l'oeuvre de Cervantès, comment se prénomme la bien-aimée de Don Quichotte ?Dulcinée
39%

Distribution des résultats

Percentile par nombre de réponses

% des personnes avec chaque résultat

Votre développement - résultats

Vous n’avez pas pris ce quiz